Balatro Trivia #1 - Statistics

General Stats
  • This quiz has been taken 233 times
  • The average score is 7 of 12
Answer Stats
Question Answer % Correct
How much +mult does Shoot the Moon give? +13
84%
Bootstraps give +__ mult for every $__ you have 2, 5
79%
Which joker IS NOT a creation Joker Midas Mask
76%
Which Joker DOES NOT give X3 mult? Loyalty Card
70%
What Joker isn't always available in shop? Lucky Cat
66%
Which Joker IS NOT a common Troubadour
65%
Which Joker scales faster? (which number in "this joker gains X(x) mult when __" is higher) Glass Joker
62%
Deck requires a higher stake beaten to unlock Anaglyph Deck
58%
Which Joker costs more? Cloud 9
46%
Which Joker is Blueprint/Brainstorm compatible with? Diet Cola
34%
Which Joker has been reworked? Fibonacci
26%
Which Joker is scaling? Seltzer
8%
No matching quizzes found
Score Distribution
Percent of People with Each Score
Percentile by Number Answered
Your Score History
You have not taken this quiz